A Comparative Analysis of Dark Mode and Light Mode in IDEs A Developers Perspective (Thesis MS) (Record no. 69097)

MARC details
000 -LEADER
fixed length control field 00444nam a22001217a 4500
100 ## - MAIN ENTRY--AUTHOR NAME
Personal name Syed Muhammad Sajjad Haider
-- 21-MSSE-14
-- Supervisor - Prof.Dr. Zahid Hussain Abro
245 ## - TITLE STATEMENT
Title A Comparative Analysis of Dark Mode and Light Mode in IDEs A Developers Perspective (Thesis MS)
260 ## - PUBLICATION, DISTRIBUTION, ETC. (IMPRINT)
Place of publication Nawabshah
Name of publisher QUEST
Year of publication 2025
300 ## - PHYSICAL DESCRIPTION
Number of Pages 115p.
700 ## - ADDED ENTRY--PERSONAL NAME
Personal name Department of Information Technology
942 ## - ADDED ENTRY ELEMENTS (KOHA)
Koha item type Thesis and Dissertation
Holdings
Withdrawn status Lost status Home library Current library Date acquired Accession Number Koha item type
    Research Section Research Section 29/06/2026 MP/100-1472 Thesis and Dissertation
    Research Section Research Section 29/06/2026 MP/100-1473 Thesis and Dissertation